Detalles MARC
| 000 -LIDER |
| fixed length control field |
00892nam a22002657a 4500 |
| 001 - NÚMERO DE CONTROL |
| Identificador de número de control |
7841 |
| 003 - IDENTIFICACDOR DE NÚMERO DE CONTROL |
| control field |
DO-SdBNP |
| 005 - DATE AND TIME OF LATEST TRANSACTION |
| control field |
20240415094445.0 |
| 007 - CAMPOS FIJOS DE DESCRIPCIÓN FÍSICA |
| fixed length control field |
7841 |
| 008 - ELEMENTOS DE LONGITUD FIJA |
| fixed length control field |
160921b2013 mx || 00| 0 spa d |
| 040 ## - FUENTE DE CATALOGACIÓN |
| Idioma de catalogación |
BPMSU |
| Agencia que realiza la transcripción |
spa |
| Agencia que realiza la modificación |
BPMSU |
| 082 #4 - NÚMERO DE CLASIFICACIÓN DECIMAL DE DEWEY |
| Classification number |
320.97284 |
| Item number |
S194b 2013 |
| Edition number |
22 |
| 100 1# - ASIENTO PRINCIPAL -- NOMBRE PERSONAL |
| Nombre personal |
Sánchez Cerén, Salvador |
| 245 13 - MENCIÓN DE TITULO |
| Título |
El buen vivir en el Salvador : |
| Subtítulo |
construyendo un nuevo paradigma / |
| Mención de responsabilidad |
Salvador Sánchez Cerén ; colaboradores Luis Armando González... [y otros] |
| 260 ## - PUBLICACIÓN, DISTRIBUCIÓN, ETC. (PIE DE IMPRENTA) |
| Lugar de publicación, distribución, etc |
México : |
| Nombre del editor, distribuidor, etc. |
Los planes, |
| Fecha de publicación, distribución, etc |
2013 |
| 300 ## - DESCRIPCIÓN FÍSICA |
| Extensión |
40 p. ; |
| Otros detalles físicos |
23 cm. |
| 590 ## - NOTA LOCAL |
| Texto de la nota local |
Inventariado, 2024/VM |
| 650 #4 - ENCABEZAMIENTO DE MATERIA--TEMÁTICO |
| Término temático o nombre geográfico como elemento de entrada |
Integración social |
| Subdivisión temática general |
|
| 650 #4 - ENCABEZAMIENTO DE MATERIA--TEMÁTICO |
| Término temático o nombre geográfico como elemento de entrada |
Desarrollo sostenible |
| 651 #4 - ENCABEZAMIENTO DE MATERIA--NOMBRE GEOGRÁFICO |
| Nombre geográfico |
El Salvador |
| Subdivisión temática general |
Política y gobierno |
| 700 1# - ASIENTO SECUNDARIO -- NOMBRE PERSONAL |
| Nombre personal |
González, Luis Armando |
| Mención de responsabilidad |
colaborador |
| 710 ## - ASIENTO SECUNDARIO -- NOMBRE CORPORATIVO |
| Nombre corporativo o de jurisdicción |
Biblioteca Nacional de El Salvador |
| 910 ## - VALIDACIÓN |
| Validación |
VMateo V. Contorl de calidad. BPMSU |
| 942 ## - ADDED ENTRY ELEMENTS (KOHA) |
| Source of classification or shelving scheme |
Dewey Decimal Classification |
| Koha item type |
Libros |